000 00380nam a2200145Ia 4500
008 220217s9999||||xx |||||||||||||| ||und||
020 _a978-0-321-35668-0
082 _a005.13 BLO
100 _aBloch, Joshua
_95571
245 0 _aEffective java
250 _a2nd
260 _aAddision wesley publishing
_bBoston
_c2008
300 _b525
650 _aPROGRAMMING LANGUAGE
999 _c176589
_d176589